=LDR 00000nam 2200000 4500 =001 INLIS000000000045210 =005 20150106133824.0 =006 =007 =008 =020 ##$$a 978.602.973.029-6 =035 ##$$0010-011500000000036 =040 ##$$a NBPDMAT =082 ##$$a 633.88 =090 ##$$a 633.88 Sri k =100 ##$$a Sri Rezeki Ambarsari =245 ##$$a Khasiat tanaman obat / Sri Rezeki Ambarsari =250 ##$$a Cet. 2 =260 ##$$a Bekasi$bAnanda Pratama$c2013 =300 ##$$a iv, 60 hlm. : 20 cm =500 ##$$a Bibliografi hlm : 59 =650 ##$$a Tanaman Obat =850 ##$$a NBPDMAT =990 ##$$a 0001/BPAP-NTB/20142015